Municipios españoles más poblados que comienzan con F - Estadísticas

Estadísticas generales
  • Esta prueba ha sido intentada 578 veces
  • La puntuación promedio es 4 de 12
Estadísticas de respuestas
Población Municipio Comunidad % Correcto
189.287 Fuenlabrada Madrid
91%
64.005 Ferrol Galicia
79%
85.136 Fuengirola Andalucía
67%
47.841 Figueres Cataluña
44%
15.243 Fraga Aragón
26%
11.389 Formentera Baleares
23%
18.636 Felanitx Baleares
18%
12.561 Fene Galicia
15%
18.049 Fuente Álamo de Murcia Murcia
15%
11.233 Fortuna Murcia
12%
12.322 Fuensalida Castilla-La Mancha
7%
9.952 Fuente Palmera Andalucía
4%
No se encontraron pruebas coincidentes
Distribución de puntuación
Porcentaje de gente con cada puntuación
Porcentaje por número respondido
Historial de tus puntuaciones
No has intentado esta prueba.